[Event "Mayor de Chile op"]
[Site "Santiago de Chile"]
[Date "2005.02.21"]
[Round "8"]
[White "Magas Varas, Rodrigo"]
[Black "Troncoso, Pedro"]
[Result "1/2-1/2"]
[WhiteElo "2136"]
[BlackElo "2162"]
[PlyCount "149"]
[EventDate "2005.02.14"]
[EventType "swiss"]
[EventRounds "11"]
[EventCountry "CHI"]
[SourceTitle "EXT 2006"]
[Source "ChessBase"]
[SourceDate "2005.11.24"]
[SourceVersion "1"]
[SourceVersionDate "2005.11.24"]
[SourceQuality "1"]

1. e4 c5 2. Nf3 Nc6 3. Bb5 e6 4. 0-0 Nge7 5. b3 a6 6. Bxc6 Nxc6 7. Bb2 d6 8. c4 e5 9. Nc3 Be7 10. Nd5 0-0 11. d3 f5 12. exf5 Bxf5 13. Ne1 Bg6 14. g3 Nd4 15. Bxd4 cxd4 16. f4 exf4 17. Nxf4 Bg5 18. Neg2 Bf7 19. Qg4 Bf6 20. Ne6 Bxe6 21. Qxe6+ Kh8 22. Rae1 Be5 23. Rxf8+ Qxf8 24. Rf1 Bf6 25. Nf4 Re8 26. Qh3 Kg8 27. Nd5 Qf7 28. Nxf6+ gxf6 29. Qg4+ Kh8 30. Qxd4 Re6 31. Qf2 Qe7 32. d4 Kg7 33. Qf3 Re4 34. d5 Qe5 35. Qf5 Qd4+ 36. Kg2 Re2+ 37. Rf2 Rxf2+ 38. Qxf2 Qe4+ 39. Qf3 Qc2+ 40. Kh3 Qxa2 41. Qg4+ Kh6 42. Qf4+ Kg6 43. Qg4+ Kh6 44. Qf5 Kg7 45. Qd7+ Kg6 46. Qe8+ Kh6 47. Qf8+ Kg6 48. Qg8+ Kh6 49. Qf7 Qb2 50. Qf8+ Kg6 51. Qg8+ Kh6 52. Qf8+ Kg6 53. Qxd6 Qxb3 54. Qf4 Qd3 55. d6 f5 56. Kh4 Kf7 57. g4 Ke6 58. gxf5+ Kd7 59. c5 Qc3 60. Qe4 Qf6+ 61. Kg4 Qg7+ 62. Kf4 Qh6+ 63. Kg3 Qg7+ 64. Kf3 Qc3+ 65. Qe3 Qa1 66. Qe7+ Kc6 67. Qc7+ Kd5 68. Qxb7+ Kxc5 69. Qc7+ Kd5 70. d7 Qf1+ 71. Kg4 Qe2+ 72. Kg5 Qd2+ 73. Qf4 h6+ 74. Kg4 h5+ 75. Kg5 1/2-1/2

[Event "Maipu Magistral 2nd"]
[Site "Maipu"]
[Date "2003.11.08"]
[Round "8.6"]
[White "Vasquez Schroder, Rodrigo Rafael"]
[Black "Troncoso, Pedro"]
[Result "1-0"]
[WhiteElo "2521"]
[BlackElo "2153"]
[PlyCount "65"]
[EventDate "2003.10.26"]
[EventType "tourn"]
[EventRounds "11"]
[EventCountry "CHI"]
[EventCategory "2"]
[SourceTitle "CBM 097 Extra"]
[Source "ChessBase"]
[SourceDate "2004.01.13"]
[SourceVersion "1"]
[SourceVersionDate "2004.01.13"]
[SourceQuality "1"]

1. d4 Nf6 2. c4 e6 3. Nf3 b6 4. a3 Bb7 5. Nc3 Be7 6. d5 0-0 7. e4 d6 8. Bd3 e5 9. b4 Nbd7 10. 0-0 Re8 11. g3 c5 12. dxc6 Bxc6 13. Nh4 g6 14. Re1 a5 15. Rb1 Nb8 16. Be3 Bd7 17. Nf3 Ng4 18. Bd2 Nc6 19. Nd5 Be6 20. h3 Nf6 21. Be3 Nd7 22. Kg2 Bxd5 23. cxd5 Ncb8 24. Bb5 f5 25. h4 Rf8 26. Ng5 Bxg5 27. Bxg5 Nf6 28. exf5 gxf5 29. Qf3 Kg7 30. Qxf5 h6 31. Be3 Na6 32. Bd3 Qe8 33. Bxh6+ 1-0

[Event "Maipu Magistral 2nd"]
[Site "Maipu"]
[Date "2003.11.02"]
[Round "5.3"]
[White "Troncoso, Pedro"]
[Black "Velasquez Ojeda, Cesar"]
[Result "1-0"]
[WhiteElo "2153"]
[BlackElo "2355"]
[PlyCount "91"]
[EventDate "2003.10.26"]
[EventType "tourn"]
[EventRounds "11"]
[EventCountry "CHI"]
[EventCategory "2"]
[SourceTitle "CBM 097 Extra"]
[Source "ChessBase"]
[SourceDate "2004.01.13"]
[SourceVersion "1"]
[SourceVersionDate "2004.01.13"]
[SourceQuality "1"]

1. e4 c5 2. Nf3 a6 3. b4 cxb4 4. d4 d6 5. Bb2 Nf6 6. Nbd2 e6 7. Bd3 Be7 8. Qe2 b5 9. 0-0 Bb7 10. Rfe1 Nbd7 11. Rad1 Qc7 12. a3 bxa3 13. Bxa3 e5 14. c4 bxc4 15. Bxc4 0-0 16. Rc1 Qa5 17. Ra1 Qd8 18. Reb1 Bc8 19. Nf1 exd4 20. Nxd4 Ne5 21. Ba2 Bd7 22. Ng3 g6 23. f4 Nc6 24. Nf3 Qc7 25. Rc1 Rfc8 26. e5 Qa7+ 27. Kh1 Ng4 28. h3 Qf2 29. Qe1 Qxe1+ 30. Nxe1 Nh6 31. Rd1 Nf5 32. Nxf5 Bxf5 33. Bd5 Rab8 34. g4 Bd7 35. Rac1 dxe5 36. Bxf7+ Kxf7 37. Rxd7 Ke6 38. Rd3 exf4 39. Nf3 Bxa3 40. Re1+ Kf6 41. Rxa3 a5 42. Rd3 Rd8 43. Rc3 Nb4 44. Rc5 Rd5 45. g5+ Kf5 46. Re5+ 1-0

[Event "Maipu Magistral"]
[Site "Maipu"]
[Date "2002.08.31"]
[Round "9"]
[White "Perez, Robinson Molina"]
[Black "Troncoso, Pedro"]
[Result "1-0"]
[WhiteElo "2330"]
[BlackElo "2164"]
[PlyCount "90"]
[EventDate "2002.08.17"]
[EventType "tourn"]
[EventRounds "11"]
[EventCountry "CHI"]
[EventCategory "1"]
[SourceTitle "EXT 2006"]
[Source "ChessBase"]
[SourceDate "2005.11.24"]
[SourceVersion "1"]
[SourceVersionDate "2005.11.24"]
[SourceQuality "1"]

1. c4 Nf6 2. Nc3 c5 3. e4 Nc6 4. g3 d6 5. Bg2 Bg4 6. f3 Bd7 7. Nge2 a6 8. 0-0 g6 9. h3 h5 10. f4 Qc8 11. Kh2 Bg7 12. d3 Nh7 13. Be3 Rb8 14. Qd2 b5 15. Rae1 Nd4 16. Bg1 bxc4 17. dxc4 Nxe2 18. Rxe2 0-0 19. e5 dxe5 20. fxe5 Be6 21. Nd5 Bxd5 22. cxd5 h4 23. gxh4 Rb4 24. Rc1 Qb8 25. Rce1 Rxh4 26. d6 Bh6 27. Qd5 Bf4+ 28. Kh1 exd6 29. e6 Rh5 30. exf7+ Kg7 31. Qc6 Rxf7 32. Re8 Qxb2 33. Qc8 Qc3 34. Rg8+ Kh6 35. Rf1 Qg3 36. Rf3 Qg5 37. Be3 Rf5 38. Qb7 Qf6 39. Qe4 Bxe3 40. Qxe3+ g5 41. Re8 Rxf3 42. Bxf3 Rxh3+ 43. Kg2 Qf5 44. Qe6+ Qf6 45. Kxh3 g4+ 1-0

[Event "Maipu-San Bernardo m"]
[Site "Maipu"]
[Date "2001.10.27"]
[Round "2.6"]
[White "Troncoso, Pedro"]
[Black "Ortega, Renato"]
[Result "1/2-1/2"]
[WhiteElo "2153"]
[BlackElo "2034"]
[PlyCount "100"]
[EventDate "2001.10.20"]
[EventType "team"]
[EventRounds "2"]
[EventCountry "CHI"]
[SourceTitle "EXT 2006"]
[Source "ChessBase"]
[SourceDate "2005.11.24"]
[SourceVersion "1"]
[SourceVersionDate "2005.11.24"]
[SourceQuality "1"]

1. e4 e5 2. f4 Bc5 3. Nf3 d5 4. exd5 e4 5. Qe2 Qe7 6. Ne5 Nf6 7. Nc3 0-0 8. d3 exd3 9. Nxd3 Qd6 10. h3 Re8 11. Ne5 Nfd7 12. Kd1 Nxe5 13. fxe5 Qxe5 14. Qxe5 Rxe5 15. Bf4 Re7 16. Bd3 Bd4 17. Re1 Rxe1+ 18. Kxe1 c6 19. d6 Be6 20. Ne2 Bc5 21. c3 Nd7 22. Nd4 Re8 23. Kd2 Bxd4 24. cxd4 g6 25. Re1 f6 26. g4 Kf7 27. g5 Bxh3 28. Rh1 fxg5 29. Rxh3 gxf4 30. Rxh7+ Ke6 31. Bxg6 Rf8 32. Ke2 Kxd6 33. Kf3 b6 34. Be4 Rf6 35. Rh4 c5 36. dxc5+ Nxc5 37. Rxf4 Rxf4+ 38. Kxf4 Na4 39. b3 Nc3 40. a3 Kc5 41. Ke3 Nb5 42. b4+ Kc4 43. Bd3+ Kb3 44. Bxb5 Kxa3 45. Kd3 Kxb4 46. Ba6 Ka5 47. Bc8 Kb5 48. Kc3 a5 49. Kb3 a4+ 50. Ka3 Ka5 1/2-1/2

[Event "Santiago op"]
[Site "Santiago de Chile"]
[Date "1997.??.??"]
[Round "5"]
[White "Carmona Rosales, Jose Luis"]
[Black "Troncoso, Pedro"]
[Result "0-1"]
[WhiteElo "2165"]
[BlackElo "2010"]
[PlyCount "58"]
[EventDate "1997.??.??"]
[EventType "swiss"]
[EventRounds "9"]
[EventCountry "CHI"]
[SourceTitle "EXT 1998"]
[Source "ChessBase"]
[SourceDate "1997.11.17"]
[SourceVersion "1"]
[SourceVersionDate "1997.11.17"]
[SourceQuality "1"]

1. e4 c5 2. Nc3 a6 3. f4 Nc6 4. Nf3 e6 5. g3 d5 6. Bg2 Nf6 7. e5 Nd7 8. d3 b5 9. 0-0 Bb7 10. Kh1 b4 11. Ne2 a5 12. Be3 Be7 13. Qe1 0-0 14. Rd1 Qc7 15. h4 Nb6 16. Neg1 d4 17. Bc1 Nd5 18. Nh3 a4 19. Nfg5 h6 20. Ne4 a3 21. b3 Nc3 22. Nxc3 bxc3 23. Qe2 Nb4 24. f5 Bxg2+ 25. Kxg2 Qc6+ 26. Kh2 exf5 27. Rxf5 Nxa2 28. Bxh6 Qxh6 29. Rdf1 Qd2 0-1